书目信息 |
| 题名: |
金属与合金的塑性变形抗力
|
|
| 作者: | N.U波卢欣 著 | |
| 分册: | ||
| 出版信息: | 北京 机械工业出版社 1984.2 |
|
| 页数: | 477页 | |
| 开本: | 20cm | |
| 丛书名: | ||
| 单 册: | ||
| 中图分类: | T-62 | |
| 科图分类: | ||
| 主题词: | 工程技术人员--手册 , 工程技术手册 | |
| 电子资源: | ||
| ISBN: | ||
| 000 | 00616nam0 2200205 45 | |
| 001 | 0312221749 | |
| 005 | 20031222170905.3 | |
| 010 | @dCNY4.00 | |
| 100 | @a20031222d1984 km y0chiy0120 ea | |
| 101 | @achi | |
| 105 | @a z 000yy | |
| 200 | 1 | @a金属与合金的塑性变形抗力@AJin Shu Yu He Jin De Su Xing Bian Xing Kang Li@f(苏)N.U波卢欣等著@F(Su)N.U Bo Lu Xin Deng Zhu |
| 210 | @a北京@c机械工业出版社@d1984.2 | |
| 215 | @a477页@d20cm | |
| 606 | 0 | @a工程技术人员@x手册 |
| 606 | 0 | @a工程技术手册 |
| 690 | @aT-62@v3 | |
| 701 | 0 | @aN.U波卢欣@4著 |
| 801 | @aCN@bTSTCL@c20031222 | |
| 905 | @a213230@dT-62@e48@b118212-213@f2 | |
| 金属与合金的塑性变形抗力/(苏)N.U波卢欣等著.-北京:机械工业出版社,1984.2 |
| 477页;20cm |
| ISBN :CNY4.00 |
| ● |
| 相关链接 |
|
|
|
|
正题名:金属与合金的塑性变形抗力
索取号:T-62/48
 
预约/预借
| 序号 | 登录号 | 条形码 | 馆藏地/架位号 | 状态 | 备注 |
| 1 | 0118212 | 000882860 | 第三借阅区/ [索取号:T-62/48] | 在馆 | |
| 2 | 0118213 | 000882879 | 第二样本阅览室/ [索取号:T-62/48] | 在馆 |